[Event "Bundesliga 1981/82"]
[Site "Germany"]
[Date "1981.10.11"]
[Round "1.1"]
[White "Hartmann, Wolfram"]
[Black "Westermeier, Arnulf"]
[Result "1/2-1/2"]
[WhiteElo "2240"]
[BlackElo "2305"]
[PlyCount "43"]
[EventDate "1981.10.11"]
[EventType "team-tourn"]
[EventRounds "15"]
[EventCountry "GER"]
[SourceTitle "GER-chT"]
[Source "ChessBase"]
[SourceDate "1999.07.01"]
[SourceVersion "1"]
[SourceVersionDate "1999.07.01"]
[SourceQuality "1"]
[WhiteTeam "Bamberg"]
[BlackTeam "Bayern Muenchen"]
[WhiteTeamCountry "GER"]
[BlackTeamCountry "GER"]

1. e4 c5 2. Nf3 d6 3. d4 cxd4 4. Nxd4 Nf6 5. Nc3 a6 6. Be3 e5 7. Nb3 Be7 8. f3 Be6 9. Qd2 0-0 10. 0-0-0 Qc7 11. g4 b5 12. h4 Nfd7 13. Nd5 Bxd5 14. exd5 a5 15. Bxb5 a4 16. Na1 Ra5 17. Bd3 Nc5 18. c3 Nbd7 19. Nc2 Nb6 20. Nb4 a3 21. b3 Nxd3+ 22. Qxd3 1/2-1/2

[Event "Bundesliga 1980/81"]
[Site "Germany"]
[Date "1981.04.04"]
[Round "12.1"]
[White "Herbrechtsmeier, Christof"]
[Black "Westermeier, Arnulf"]
[Result "1/2-1/2"]
[WhiteElo "2350"]
[BlackElo "2305"]
[PlyCount "98"]
[EventDate "1980.10.12"]
[EventType "team-tourn"]
[EventRounds "15"]
[EventCountry "GER"]
[SourceTitle "GER-chT"]
[Source "ChessBase"]
[SourceDate "1999.07.01"]
[SourceVersion "1"]
[SourceVersionDate "1999.07.01"]
[SourceQuality "1"]
[WhiteTeam "Zaehringen"]
[BlackTeam "Bayern Muenchen"]
[WhiteTeamCountry "GER"]
[BlackTeamCountry "GER"]

1. e4 c5 2. Nc3 d6 3. Nf3 a6 4. g3 e6 5. Bg2 Be7 6. d4 cxd4 7. Nxd4 Nf6 8. 0-0 0-0 9. b3 Bd7 10. Bb2 Nc6 11. Nce2 Rc8 12. c4 Nxd4 13. Nxd4 b5 14. cxb5 axb5 15. Qd2 Qb6 16. Ba3 Rfe8 17. Rfe1 Bf8 18. Bb4 e5 19. Nc2 Bc6 20. Rad1 Qb7 21. Qd3 Rcd8 22. Ba5 Ra8 23. b4 Rac8 24. Rd2 g6 25. Na3 h5 26. Nb1 h4 27. Nc3 hxg3 28. hxg3 Bd7 29. Nd5 Nxd5 30. Qxd5 Qxd5 31. Rxd5 Rc2 32. Bf1 Rb8 33. a3 Rc3 34. Rd3 Rbc8 35. Rd5 Rc1 36. Red1 R8c3 37. Rxc1 Rxc1 38. Kg2 Bc6 39. Bxb5 Bxd5 40. exd5 e4 41. Bc6 Rc2 42. Kf1 Bh6 43. b5 Rc1+ 44. Kg2 Rc2 45. Kf1 Rc1+ 46. Ke2 Rc2+ 47. Ke1 Rc1+ 48. Ke2 Rc2+ 49. Kf1 Rc1+ 1/2-1/2

[Event "Bundesliga 1980/81"]
[Site "Germany"]
[Date "1981.02.07"]
[Round "8.1"]
[White "Lieb, Harald"]
[Black "Westermeier, Arnulf"]
[Result "1-0"]
[WhiteElo "2285"]
[BlackElo "2305"]
[PlyCount "119"]
[EventDate "1980.10.12"]
[EventType "team-tourn"]
[EventRounds "15"]
[EventCountry "GER"]
[SourceTitle "GER-chT"]
[Source "ChessBase"]
[SourceDate "1999.07.01"]
[SourceVersion "1"]
[SourceVersionDate "1999.07.01"]
[SourceQuality "1"]
[WhiteTeam "Wilmersdorf"]
[BlackTeam "Bayern Muenchen"]
[WhiteTeamCountry "GER"]
[BlackTeamCountry "GER"]

1. d4 Nf6 2. c4 e6 3. Nf3 d5 4. Nc3 Nbd7 5. cxd5 exd5 6. Bg5 Be7 7. e3 0-0 8. Bd3 Re8 9. Qc2 c6 10. 0-0 Nf8 11. a3 a5 12. h3 Ne4 13. Bxe7 Qxe7 14. Bxe4 dxe4 15. Nd2 Bf5 16. f4 h5 17. Na4 Nd7 18. Rac1 Qh4 19. Rf2 Re6 20. Nc5 Rg6 21. Nxd7 Bxd7 22. f5 Rg5 23. Qxe4 Qxe4 24. Nxe4 Rxf5 25. Rxf5 Bxf5 26. Nd6 Be6 27. Rc5 a4 28. Rxh5 b6 29. Ne4 f6 30. Nc3 g6 31. Rh4 g5 32. Re4 Kf7 33. d5 Bxd5 34. Rxa4 Rxa4 35. Nxa4 b5 36. Nc3 Bc4 37. Kf2 Ke6 38. b4 Ke5 39. g3 Bd3 40. Kf3 Bg6 41. h4 gxh4 42. gxh4 Bh5+ 43. Kg3 Kf5 44. Kf2 Ke5 45. Ke1 Bg6 46. Kd2 Bh7 47. h5 f5 48. Ne2 Ke4 49. Nf4 Bg8 50. Ke2 Ke5 51. Ng6+ Kf6 52. Kd3 Bf7 53. Nf4 Kg5 54. Kd4 Bxh5 55. Nxh5 Kxh5 56. Ke5 Kg6 57. Ke6 Kg5 58. Kf7 Kh5 59. Kf6 Kg4 60. Kg6 1-0

[Event "Bundesliga 1980/81"]
[Site "Germany"]
[Date "1981.01.11"]
[Round "7.1"]
[White "Spassky, Boris Vasilievich"]
[Black "Westermeier, Arnulf"]
[Result "1-0"]
[WhiteElo "2635"]
[BlackElo "2305"]
[PlyCount "41"]
[EventDate "1980.10.12"]
[EventType "team-tourn"]
[EventRounds "15"]
[EventCountry "GER"]
[SourceTitle "GER-chT"]
[Source "ChessBase"]
[SourceDate "1999.07.01"]
[SourceVersion "1"]
[SourceVersionDate "1999.07.01"]
[SourceQuality "1"]
[WhiteTeam "Solingen"]
[BlackTeam "Bayern Muenchen"]
[WhiteTeamCountry "GER"]
[BlackTeamCountry "GER"]

1. e4 c5 2. c3 Nf6 3. e5 Nd5 4. d4 cxd4 5. cxd4 e6 6. Nc3 Nxc3 7. bxc3 Qc7 8. Bd2 d6 9. f4 b6 10. Nf3 Be7 11. Bd3 Bb7 12. 0-0 0-0 13. Qe2 Nc6 14. Rae1 dxe5 15. fxe5 Na5 16. Ng5 Bxg5 17. Bxg5 Qxc3 18. Rf4 Bd5 19. Rh4 f5 20. exf6 gxf6 21. Rc1 1-0

[Event "Bundesliga 1980/81"]
[Site "Germany"]
[Date "1981.01.10"]
[Round "6.1"]
[White "Westermeier, Arnulf"]
[Black "Nautsch, Werner"]
[Result "1-0"]
[WhiteElo "2305"]
[BlackElo "2340"]
[PlyCount "82"]
[EventDate "1980.10.12"]
[EventType "team-tourn"]
[EventRounds "15"]
[EventCountry "GER"]
[SourceTitle "GER-chT"]
[Source "ChessBase"]
[SourceDate "1999.07.01"]
[SourceVersion "1"]
[SourceVersionDate "1999.07.01"]
[SourceQuality "1"]
[WhiteTeam "Bayern Muenchen"]
[BlackTeam "Katernberg"]
[WhiteTeamCountry "GER"]
[BlackTeamCountry "GER"]

1. e4 g6 2. d4 Bg7 3. Nc3 d6 4. Nf3 Bg4 5. Be3 Nf6 6. h3 Bxf3 7. Qxf3 Nc6 8. Bb5 0-0 9. Rd1 Nd7 10. 0-0 e5 11. dxe5 Ncxe5 12. Qg3 a6 13. Be2 b5 14. a3 Nc4 15. Bc1 Nc5 16. b4 Ne6 17. Bxc4 bxc4 18. Ne2 Qe8 19. f4 f5 20. e5 dxe5 21. fxe5 Qb5 22. Bb2 a5 23. Nc3 Qb7 24. Nd5 Rae8 25. Bc3 axb4 26. axb4 c5 27. Qh4 f4 28. bxc5 g5 29. Qh5 Qc6 30. Kh1 Nxc5 31. Qf3 Kh8 32. Rfe1 Re6 33. Qg4 h6 34. Nf6 Bxf6 35. exf6 Ne4 36. Rxe4 Qxe4 37. Rd7 f3 38. gxf3 Qxc2 39. Qxe6 Qxc3 40. Qf5 Qe1+ 41. Kg2 Qe2+ 1-0